Gemeinden von Voitsberg - Statistiken

Allgemein
  • Dieses Quiz wurde 200 mal gespielt
  • Das Durchschnittsergebnis liegt bei 9 aus 15
Antwortstatistiken
Einwohner Gemeinde % Korrekt
9.400 Voitsberg
97%
9.855 Köflach
88%
5.631 Bärnbach
78%
3.255 Ligist
64%
1.017 Hirschegg-Pack
63%
1.720 Edelschrott
60%
4.082 Söding-St. Johann
57%
3.108 Stallhofen
57%
2.198 Mooskirchen
51%
805 St. Martin am Wöllmißberg
51%
1.684 Rosental an der Kainach
50%
2.817 Maria Lankowitz
44%
1.598 Kainach bei Voitsberg
40%
2.477 Krottendorf-Gaisfeld
36%
1.514 Geistthal-Södingberg
33%
Keine übereinstimmenden Quizze gefunden
Verteilung der Resultate
Anzahl Personen mit jedem Resultat
Perzentil nach korrekt beantworteten Fragen
Ihre Resultats-Entwicklung
Sie haben dieses Quiz noch nicht gespielt